Stanovenie optimálneho krytia rizík podnikateľských subjektov v poisťovníctve bakalárska práca

Na minha lista:
Detalhes bibliográficos
Autor principal: Dvorščáková, Barbora
Autor Corporativo: Podnikovohospodárska fakulta EU so sídlom v Košiciach. Katedra ekonómie
Outros Autores: Hudák, Igor, 1985-
Formato: Livro
Idioma:eslovaco
Publicado em: Košice 2010
Tags: Adicionar Tag
Sem tags, seja o primeiro a adicionar uma tag!

MARC

LEADER 00000nbm a2200000 4500
001 0132839
005 20240827093022.5
041 0 |a slo 
044 |a SK 
245 1 0 |a Stanovenie optimálneho krytia rizík podnikateľských subjektov v poisťovníctve  |b bakalárska práca  |c Barbora Dvorščáková ; školiteľ:Igor Hudák 
264 1 |a Košice  |c 2010 
300 |a 53 s. 
100 1 |a Dvorščáková, Barbora 
700 1 |a Hudák, Igor, 1985- 
710 2 |a Podnikovohospodárska fakulta EU so sídlom v Košiciach. Katedra ekonómie